The history of Sumatra

Bibliographic Details
Main Author: Marsden, William , 1754-1836 (Author)
Format: Book
Published: Kuala Lumpur : Oxford University Press , 1966
Edition:3rd ed
Subjects:

MARC

LEADER 00000cam a2200000 7i4500
001 0000007902
005 20180226093000.0
008 021119s1966
020 |a 0196380464 
090 0 0 |a DS646.1   |b .M3 
100 0 |a Marsden, William ,   |d 1754-1836 ,   |e author 
245 1 4 |a The history of Sumatra   |c William Marsden 
250 |a 3rd ed 
260 2 |a Kuala Lumpur :   |b Oxford University Press ,   |c 1966 
300 |a [1488 p.] ;   |c 28 cm. 
504 |a Includes index 
651 0 |a Sumatra (Indonesia)   |x History 
999 |a 1000009601   |b Book   |c OPEN SHELF (30 DAYS)   |e Gong Badak Campus 
999 |a 1000009602   |b Book   |c OPEN SHELF (30 DAYS)   |e Gong Badak Campus